[Event "Lutsk Nebesna Sotnya Memorial rapid"]
[Site "Lutsk"]
[Date "2017.02.18"]
[Round "2"]
[White "Bortnyk, Mykola"]
[Black "Leshchyshak, Igor"]
[Result "1-0"]
[WhiteElo "2428"]
[BlackElo "2041"]
[PlyCount "75"]
[EventDate "2017.02.18"]
[EventType "swiss (rapid)"]
[EventRounds "11"]
[EventCountry "UKR"]
[SourceTitle "CBM 176 Extra"]
[Source "ChessBase"]
[SourceDate "2017.03.02"]
[SourceVersion "1"]
[SourceVersionDate "2017.03.02"]
[SourceQuality "1"]

1. e4 e6 2. d4 d5 3. e5 c5 4. Nf3 cxd4 5. Bd3 Bb4+ 6. Bd2 Bxd2+ 7. Nbxd2 Nc6 8. 0-0 Nge7 9. Nb3 Ng6 10. Re1 0-0 11. Nbxd4 Nxd4 12. Nxd4 Qg5 13. Bxg6 fxg6 14. Qd3 Bd7 15. Re3 Rf7 16. Rae1 Raf8 17. f3 a6 18. a3 h5 19. c4 dxc4 20. Qxc4 Rc8 21. Qb3 Kh7 22. Qxb7 Rc1 23. Qe4 Rf4 24. Qd3 Bb5 25. Nxe6 Rxe1+ 26. Rxe1 Qh4 27. Qe3 Rc4 28. Ng5+ Kg8 29. e6 Rc2 30. e7 Be8 31. b4 Qc4 32. Qe6+ Qxe6 33. Rxe6 Rc1+ 34. Kf2 h4 35. Rd6 Rc2+ 36. Ke3 Rc1 37. Kd2 Rc8 38. Rd8 1-0

[Event "Lvov Privalov Memorial"]
[Site "Lvov"]
[Date "2014.11.01"]
[Round "8"]
[White "Sabuk, Piotr"]
[Black "Leshchyshak, Igor"]
[Result "1-0"]
[WhiteElo "2303"]
[BlackElo "2098"]
[PlyCount "57"]
[EventDate "2014.10.28"]
[EventType "tourn"]
[EventRounds "9"]
[EventCountry "UKR"]
[SourceTitle "EXT 2015"]
[Source "ChessBase"]
[SourceDate "2014.11.20"]
[SourceVersion "1"]
[SourceVersionDate "2014.11.20"]
[SourceQuality "1"]

1. d4 d5 2. c4 c6 3. Nf3 Nf6 4. Nc3 e6 5. Bg5 h6 6. Bxf6 Qxf6 7. e3 Nd7 8. Bd3 Bb4 9. 0-0 0-0 10. e4 Bxc3 11. bxc3 dxe4 12. Bxe4 Rd8 13. Qe2 g6 14. Rad1 Re8 15. Rfe1 a5 16. c5 Rb8 17. Qe3 Kg7 18. Nd2 e5 19. Bc2 b6 20. f4 e4 21. Nxe4 Qe7 22. Qg3 Qf8 23. f5 Rxe4 24. Bxe4 bxc5 25. fxg6 f5 26. Rf1 cxd4 27. Bxf5 Ba6 28. Bxd7 Bxf1 29. Rxf1 1-0

[Event "Lvov Privalov Memorial"]
[Site "Lvov"]
[Date "2014.10.30"]
[Round "4"]
[White "Shkuran, Danylo"]
[Black "Leshchyshak, Igor"]
[Result "1-0"]
[WhiteElo "2377"]
[BlackElo "2098"]
[PlyCount "91"]
[EventDate "2014.10.28"]
[EventType "tourn"]
[EventRounds "9"]
[EventCountry "UKR"]
[SourceTitle "EXT 2015"]
[Source "ChessBase"]
[SourceDate "2014.11.20"]
[SourceVersion "1"]
[SourceVersionDate "2014.11.20"]
[SourceQuality "1"]

1. e4 e6 2. d4 d5 3. Nc3 Nf6 4. Bg5 Bb4 5. Nge2 dxe4 6. a3 Be7 7. Bxf6 Bxf6 8. Nxe4 0-0 9. f4 Nd7 10. Qd3 c5 11. 0-0-0 cxd4 12. Nxd4 Qe7 13. Nf3 Nc5 14. Nxc5 Qxc5 15. Qe4 Rb8 16. Ne5 b6 17. Bd3 g6 18. Qe1 Rd8 19. Qg3 Bb7 20. Kb1 b5 21. h4 b4 22. a4 b3 23. cxb3 Bxe5 24. fxe5 Bd5 25. Bc2 Rdc8 26. Rd2 Qb4 27. Rhd1 Rxc2 28. Rxd5 exd5 29. Kxc2 Qe4+ 30. Qd3 Qxg2+ 31. Kb1 Rd8 32. Qe3 Qg4 33. Rd4 Qf5+ 34. Ka2 h5 35. Rf4 Qd7 36. Qd4 Re8 37. Rf6 Re6 38. Rf1 Qe7 39. Re1 Qb7 40. Rd1 Qe7 41. Qxd5 Rxe5 42. Qa8+ Kg7 43. Rd8 Kf6 44. Rg8 Re3 45. Qd5 Qe6 46. Qg5# 1-0

[Event "Lutsk Nebesna Sotnya Memorial"]
[Site "Lutsk"]
[Date "2014.07.26"]
[Round "5"]
[White "Korol, Dimitry"]
[Black "Leshchyshak, Igor"]
[Result "1-0"]
[WhiteElo "2291"]
[BlackElo "2098"]
[PlyCount "77"]
[EventDate "2014.07.26"]
[EventType "swiss"]
[EventRounds "11"]
[EventCountry "UKR"]
[SourceTitle "CBM 161 Extra"]
[Source "ChessBase"]
[SourceDate "2014.08.29"]
[SourceVersion "1"]
[SourceVersionDate "2014.08.29"]
[SourceQuality "1"]

1. d4 Nf6 2. c4 c5 3. d5 e6 4. Nc3 exd5 5. cxd5 d6 6. Nf3 g6 7. Nd2 Bg7 8. Nc4 0-0 9. Bf4 Ne8 10. Qd2 a6 11. a4 Qc7 12. Ne4 Be5 13. Nxe5 dxe5 14. Bh6 Ng7 15. Rc1 Nd7 16. e3 b6 17. b4 Bb7 18. Be2 Rfe8 19. Bxg7 Kxg7 20. 0-0 h6 21. a5 Rac8 22. bxc5 bxc5 23. Bc4 f5 24. Ng3 e4 25. Rb1 Rb8 26. Rfc1 Ne5 27. d6 Qd7 28. Rb6 Kh7 29. Qc3 h5 30. Ne2 g5 31. Rcb1 Qg7 32. Kf1 Rf8 33. Bd5 Bxd5 34. Rxb8 Rxb8 35. Rxb8 Bc4 36. Re8 Bxe2+ 37. Kxe2 Nc6 38. Qxg7+ Kxg7 39. d7 1-0

[Event "Zhovkva Royal Residence Cup 3rd"]
[Site "Zhovkva"]
[Date "2012.04.30"]
[Round "9"]
[White "Leshchyshak, Igor"]
[Black "Petrenko, Svetlana"]
[Result "1/2-1/2"]
[WhiteElo "2137"]
[BlackElo "2250"]
[PlyCount "21"]
[EventDate "2012.04.24"]
[EventType "tourn"]
[EventRounds "9"]
[EventCountry "UKR"]
[SourceTitle "CBM 148 Extra"]
[Source "ChessBase"]
[SourceDate "2012.06.22"]
[SourceVersion "1"]
[SourceVersionDate "2012.06.22"]
[SourceQuality "1"]

1. e4 c5 2. c3 Nf6 3. e5 Nd5 4. d4 e6 5. Nf3 cxd4 6. cxd4 d6 7. Bc4 dxe5 8. dxe5 Bb4+ 9. Bd2 Be7 10. 0-0 Nc6 11. Nc3 1/2-1/2

[Event "Zhovkva Royal Residence Cup 3rd"]
[Site "Zhovkva"]
[Date "2012.04.28"]
[Round "6"]
[White "Jurcik, Martin"]
[Black "Leshchyshak, Igor"]
[Result "1-0"]
[WhiteElo "2348"]
[BlackElo "2137"]
[PlyCount "61"]
[EventDate "2012.04.24"]
[EventType "tourn"]
[EventRounds "9"]
[EventCountry "UKR"]
[SourceTitle "CBM 148 Extra"]
[Source "ChessBase"]
[SourceDate "2012.06.22"]
[SourceVersion "1"]
[SourceVersionDate "2012.06.22"]
[SourceQuality "1"]

1. e4 e6 2. d4 d5 3. Nd2 Nc6 4. Ngf3 Nf6 5. e5 Nd7 6. Nb3 Be7 7. h4 0-0 8. Bf4 f6 9. Qd2 fxe5 10. dxe5 Nb4 11. 0-0-0 c5 12. Ng5 Nb6 13. c3 Nc6 14. Qc2 g6 15. g3 Bd7 16. Nxh7 Kxh7 17. h5 Be8 18. hxg6+ Kg8 19. g7 Rf5 20. g4 Bg5 21. gxf5 Bxf4+ 22. Kb1 Nxe5 23. Nxc5 Qf6 24. Nxe6 Bh6 25. f4 Nec4 26. Bd3 Ne3 27. Qh2 Nxd1 28. Qxh6 Qxh6 29. Rxh6 Bd7 30. Rh8+ Kf7 31. Rf8+ 1-0

[Event "Lvov-ch op"]
[Site "Lvov"]
[Date "2011.06.11"]
[Round "4"]
[White "Durnev, Vladimir"]
[Black "Leshchyshak, Igor"]
[Result "0-1"]
[WhiteElo "2019"]
[BlackElo "2137"]
[PlyCount "100"]
[EventDate "2011.06.10"]
[EventType "swiss"]
[EventRounds "9"]
[EventCountry "UKR"]
[SourceTitle "CBM 143 Extra"]
[Source "ChessBase"]
[SourceDate "2011.08.29"]
[SourceVersion "1"]
[SourceVersionDate "2011.08.29"]
[SourceQuality "1"]

1. e4 e6 2. d4 d5 3. exd5 Qxd5 4. Nc3 Qd8 5. Nf3 Nf6 6. Bf4 Bb4 7. a3 Bxc3+ 8. bxc3 0-0 9. Bd3 b6 10. 0-0 Bb7 11. Re1 Nbd7 12. h3 Rc8 13. Qe2 c5 14. Rad1 cxd4 15. cxd4 Qe7 16. c4 Qxa3 17. Ra1 Qc3 18. Rec1 Bxf3 19. Rxc3 Bxe2 20. Bxe2 Nd5 21. Rf3 Nxf4 22. Rxf4 Rc7 23. Rf3 Rfc8 24. Rfa3 a5 25. Rb3 Kf8 26. Rb5 Ke7 27. Kf1 Kd6 28. Ke1 f5 29. Kd2 g5 30. Ke3 Ra7 31. Ra4 Rac7 32. Kd3 e5 33. Ke3 Re8 34. Bd3 f4+ 35. Ke4 exd4+ 36. Kxd4 Re5 37. Bxh7 Rxb5 38. cxb5 Nc5 39. Bc2 Nxa4 40. Bxa4 Rc1 41. Ke4 Rc4+ 42. Kf5 Rxa4 43. h4 Rb4 44. Kxg5 Rxb5+ 45. Kxf4 Rh5 46. g4 Rh8 47. g5 a4 48. g6 a3 49. Kg5 a2 50. f4 a1Q 0-1